Guidelines for the establishment or redesign of industrial and technological information service systems, including selection of software and hardware /
Guardado en:
| Autor Corporativo: | |
|---|---|
| Otros Autores: | , |
| Formato: | Libro |
| Idioma: | English |
| Publicado: |
[s.l.] :
United Nations Industrial Development Organization,
1986.
|
| Materias: | |
| Etiquetas: |
Agregar Etiqueta
Sin Etiquetas, Sea el primero en etiquetar este registro!
|
| LEADER | 01241nam a22002775a 4500 | ||
|---|---|---|---|
| 001 | EIQ.libpla000806 | ||
| 008 | 060530s1986####xx###########i000#0#eng#d | ||
| 005 | 20080613115639.0 | ||
| 245 | 1 | 0 | |a Guidelines for the establishment or redesign of industrial and technological information service systems, including selection of software and hardware / |c prepared by Jacek Bankowski and Adam Wysocki. |
| 260 | |a [s.l.] : |b United Nations Industrial Development Organization, |c 1986. | ||
| 300 | |a ix, 141 p. ; |c 29,5 cm. | ||
| 500 | |a Datos de cubierta. | ||
| 500 | |a "Unido/IS: 597". | ||
| 500 | |a "14 February 1986". | ||
| 504 | |a Incluye referencias bibliográficas. | ||
| 700 | 1 | |a Bankowski, Jacek., |e Comp. |4 com | |
| 700 | 1 | |a Wysocki, Adam., |e Comp. |4 com | |
| 650 | 4 | |a Hardware |x Especificación y selección. | |
| 650 | 4 | |a Software |x Especificación y selección | |
| 650 | 4 | |a Información industrial |x Métodos de evaluación. | |
| 650 | 4 | |a Industrial information |x Methods of evaluation. | |
| 650 | 4 | |a Hardware |x Specification and selection. | |
| 650 | 4 | |a Software |x Specification and selection. | |
| 040 | |a AR-BbSID |b spa |c AR-BbSID | ||
| 110 | 2 | |a United Nations Industrial Development Organization. | |
| 859 | |a AR-BbSID |b BIB. PLAPIQUI |h 330 |i N 113 |p 3562 | ||
